00854nam a2200205Ia 4500003000900000008004100009020003000050022002200080022002300102040001600125100002400141245006200165260013300227300002000360490002700380700002700407700002500434700002600459856016300485IN-BaIIA211028s9999 xx s 000 0 eng d a978-1-107-03379-5 (Print) a1743-9213 (Print) a1743-9221 (Online) cIIA Library aZhang, Chenmin, ed. 0aFeeding Compact Objects: Accretion on All Scalesh[eBook] aCambridge bCambridge University Press c2013 aOnline resource aIAU Symposium; no. 290 a Mendez, Mariano, ed. aBelloni, Tomaso, ed. aZhang, Shuangnan, ed. uhttps://www.cambridge.org/core/journals/proceedings-of-the-international-astronomical-union/issue/3214549BBA792BA8C113852E04A1FA70yClick Here to Access eBook